Jeux vidéos : d'où vient cette carte ? #1 - Statistiques

Statistiques générales
  • Ce quiz a été pris 3 492 fois
  • Le résultat moyen est 9 sur 22
Statistiques - réponses
Par images Hint Réponse % Correct
2017 Fortnite
97%
2009 League of Legend
81%
2020 Valorant
75%
2013 GTA V
74%
2018 Among Us
72%
2017 PUBG
57%
2013 GeoGuessr
54%
2012 CSGO
47%
2020 Call of Duty : Warzone
39%
2022 Elden Ring
39%
2010-2018 Red Dead Redemption
38%
2004 World of Warcraft
37%
2023 The Legend of Zelda : Tears of the Kingdom
36%
2016 Overwatch
26%
2009 Wii Sports Resort
26%
2011 The Elder Scrolls V : Skyrim
22%
2022 God of War Ragnarok
20%
2020 The Last of Us : Part II
20%
2018 Super Smash Bros Ultimate
14%
2007-2015 The Witcher
10%
2022 Légendes Pokémon : Arceus
9%
2024 Final fantasy VII Rebirth
3%
Aucun quiz correspondant
Distribution des résultats
% des personnes avec chaque résultat
Percentile par nombre de réponses
Votre historique - résultats
Vous n’avez pas pris ce quiz